Statistics for Irregular Plurals Quiz #1

Click here to take the quiz!

General Stats

  • This quiz has been taken 62,588 times
    (43,982 since last reset)
  • The average score is 15 of 24

Answer Stats

Singular Plural % Correct
MouseMice
96%
CalfCalves
95%
ManMen
95%
ChildChildren
95%
PotatoPotatoes
91%
NucleusNuclei
85%
MooseMoose
83%
OxOxen
81%
CrisisCrises
76%
RadiusRadii
70%
LouseLice
69%
AxisAxes
67%
MatrixMatrices
66%
MillenniumMillennia
64%
AppendixAppendices
64%
ChateauChateaux
57%
NebulaNebulae
43%
StigmaStigmata
41%
Court MartialCourts Martial
38%
SeraphSeraphim
34%
AlumnaAlumnae
33%
PhalanxPhalanges
20%
PoltergeistPoltergeister
11%
GenusGenera
10%

Score Distribution

Percentile by Number Answered

Percent of People with Each Score

Your Score History

You have not taken this quiz since the last reset